| 000 | 00780nam a22002657a 4500 | ||
|---|---|---|---|
| 001 | BR9205087 | ||
| 003 | BR-BrBNA | ||
| 005 | 20230928093645.0 | ||
| 007 | ta | ||
| 008 | 230509b bl.||||| |||| 00| 0 por d | ||
| 040 |
_aBR-BrBNA _bpor _cBiblioteca Nacional de Agricultura |
||
| 041 | _a(Por) | ||
| 072 |
_aQ03; L70 _b9700 _b5212 |
||
| 090 | _ 9700 BR9205087 | ||
| 100 | 1 | _aBarbuto, O.J.M. (coord.) | |
| 110 | 1 |
_aUniversidade de Sao Paulo, Sao Paulo (Brasil). Faculdade de Medicina Veterinaria _910533 |
|
| 245 | 1 | _aCurso de especializacao em higiene da carne | |
| 260 | 3 |
_aSao Paulo, SP (Brasil): _c1969. |
|
| 300 | _a89 p. | ||
| 650 | _aCARNE | ||
| 650 | _aHIGIENE DE ALIMENTO | ||
| 650 | _aINSPECAO SANITARIA | ||
| 909 |
_a202309 _bLucia _c55 _dLucia Elande |
||
| 942 | _cBK | ||
| 999 |
_c46297 _d46297 |
||